• 首页
  • 本馆介绍
  • 公告通知
  • 最新文献
  • 馆藏检索
  • 电子资源
  • 读者导购
  • 参考咨询
  • 我的图书馆
  • 登录
  • 详细信息显示
  • 放入我的书架
  • 预约/预借图书
  • 作者相关作品
  • 分类相关作品
  • 丛书相关作品
  • 出版社相关作品

书目信息

  • 表格格式
  • 工作单格式
  • 卡片格式
题名:
拍卖理论与网上拍卖
    
 
作者: 陈剑 , 陈熙龙 , 宋西平 编著
分册:  
出版信息: 北京   清华大学出版社  2005
页数: 220页
开本: 23cm
丛书名:
单 册:
中图分类: F713.359
科图分类:
主题词: 拍卖--理论研究 , 因特网--应用--拍卖
电子资源:
ISBN: 7-302-11273-8
000 01059nam0 2200277 450
001 TS-210123
005 20070122082233.20
010    @a7-302-11273-8@dCNY28.00
091    @aF713.3@bcj
100    @a20060829d2005 em y0chiy0110 ea
101 0  @achi
102    @aCN@b110000
105    @ay z 000yy
200 1  @a拍卖理论与网上拍卖@APai Mai Li Lun Yu Wang Shang Pai Mai@f陈剑,陈熙龙,宋西平编著@FChen Jian, Chen Xi Long, Song Xi Ping Bian Zhu
210    @a北京@c清华大学出版社@d2005
215    @a220页@d23cm
300    @a清华经管
330    @a本书首先系统地介绍了拍卖理论,包括拍卖的历史,4种经典拍卖方式,单物品拍卖,多物品拍卖等。然后介绍网上拍卖的发展,网上拍卖与传统拍卖相比有些什么特征,网上出现的一些新的典型拍卖方式,最后就一种新的网上拍卖方式系统介绍。
606 0  @a拍卖@x理论研究
606 0  @a因特网@x应用@x拍卖
690    @aF713.359@v4
701  0 @a陈剑@AChen Jian@f(1962.4~)@4编著
701  0 @a陈熙龙@AChen Xi Long@4编著
701  0 @a宋西平@ASong Xi Ping@4编著
801  0 @aCN@b中图数据@c20070122
905    @a10447@dF713.359@e246
    
    拍卖理论与网上拍卖/陈剑,陈熙龙,宋西平编著.-北京:清华大学出版社,2005
    220页;23cm
    清华经管
    
    ISBN 7-302-11273-8:CNY28.00
    本书首先系统地介绍了拍卖理论,包括拍卖的历史,4种经典拍卖方式,单物品拍卖,多物品拍卖等。然后介绍网上拍卖的发展,网上拍卖与传统拍卖相比有些什么特征,网上出现的一些新的典型拍卖方式,最后就一种新的网上拍卖方式系统介绍。
●
相关链接 在E读中查询图书 在五车中查询图书 在当当中查询图书 在豆瓣中查询图书


正题名:拍卖理论与网上拍卖     索取号:F713.359/246         预约/预借

序号 登录号 条形码 馆藏地/架位号 状态 备注
1 0619097   206190977   第一样本阅览室/ [索取号:F713.359/246] 在馆    
2 0619098   206190986   第一借阅区/ [索取号:F713.359/246] 在馆    
3 0619099   206190995   第一借阅区/ [索取号:F713.359/246] 在馆    
4 0619100   206191002   第一借阅区/ [索取号:F713.359/246] 在馆    
5 0619101   206191011   第一借阅区/ [索取号:F713.359/246] 在馆    
6 0619102   206191020   第一借阅区/ [索取号:F713.359/246] 在馆    
唐山师范学院图书馆 欢迎您!
大连网信软件有限公司© 版权所有